The Emergence of electoral reforms in contemporary Latin America / Fátima García Díez
Descripción Física:
84 p. ; 21 cm
MARC
| LEADER | 00000nam a2200000Ia 4500 | ||
|---|---|---|---|
| 001 | 15297 | ||
| 008 | 160829s2001 xx 000 0 cat d | ||
| 080 | |a D-3-26 | ||
| 100 | |a García Díez, Fátima |9 32038 | ||
| 245 | 4 | |a The Emergence of electoral reforms in contemporary Latin America / Fátima García Díez | |
| 260 | |a Barcelona : |b Institut de Ciències Polítiques i Socials, |c 2001 | ||
| 300 | |a 84 p. ; |c 21 cm | ||
| 490 | |a Working papers / Institut de Ciències Polítiques i Socials ; 191 | ||
| 590 | |a Notes, referències bibliogràfiques, bibliografia | ||
| 650 | |a Dret electoral |x Amèrica Llatina |9 32039 | ||
| 650 | |a Amèrica Llatina |x Política i govern |9 32040 | ||
| 710 | 2 | |a Institut de Ciències Polítiques i Socials (Barcelona, Catalunya) |9 55871 | |
| 901 | |a Arxiu | ||
| 942 | |n 1 | ||
| 952 | |0 0 |1 0 |4 0 |6 D326 |7 1 |9 45844 |a Arxiu |b Arxiu |d 2016-12-01 |l 0 |o D-3-26 |p 15297 |r 2016-12-01 00:00:00 |w 2016-12-01 |y ARXIU | ||
| 999 | |c 49344 |d 49344 | ||